000 00990cab a22002055a 4500
001 L138335
008 070530s2007 xxk f 000 0 eng d
035 _a(Sirsi) u138335
041 0 _aeng
110 2 _aBritish Retail Consortium
_91582
245 0 0 _aLease code progress study launched
_h[electronic resource]
260 _c2007
520 _aDiscusses a major study to assess the take-up and impact of the new Lease Code. Discusses the ways in which the study may help businesses taking out lease agreements, and may result in an industry-wide standard for commercial landlords. The study is intended to help the BRC gauge its own effectiveness.
590 _aKA
650 2 4 _aCODE FOR LEASING BUSINESS PREMISES ENGLAND AND WALES
651 4 _aUnited Kingdom
_y
690 _aPROPERTY-COMMERCIAL PROPERTY-COMMERCIAL LANDLORD AND TENANT-COMMERCIAL LEASES
856 4 0 _uhttps://www.brc.org.uk/details04.asp?id=1167
_zView the item free of charge at www.brc.org.uk...
942 _n0
999 _c107132
_d107132